| 000 | 00551nam a2200193 i 4500 | ||
|---|---|---|---|
| 001 | 41604 | ||
| 003 | ES-MaACL | ||
| 007 | t| | ||
| 008 | 030311s1973 ag ||||1| spa d | ||
| 100 | 1 |
_aCassirer, Ernst. _936365 |
|
| 245 | 1 | 0 |
_aMito y lenguaje / _cErnst Cassirer ; [traducción de Carmen Balzer]. |
| 260 |
_a[Buenos Aires : _bNueva Visión, _c1973] |
||
| 300 |
_a108 p. ; _c18 cm. |
||
| 490 | 1 | _a12 fichas | |
| 700 | 1 |
_aBalzer, Carmen. _925141 |
|
| 830 | 0 |
_a12 fichas _9229792 |
|
| 852 |
_aES-MaACL _jE-8766 _bR.92999 |
||
| 999 |
_c41604 _d41604 |
||